Five minds for the future.
| Main Author: | |
|---|---|
| Format: | Book |
| Published: |
Boston:
Harvard Business School Press,
2006.
|
| Subjects: |
| LEADER | 00465cam a2200169 7i4500 | ||
|---|---|---|---|
| 001 | 0000020064 | ||
| 005 | 20071227090000.0 | ||
| 020 | 0 | 0 | |a 978-1-59139-912-4 |
| 090 | 0 | 0 | |a B 001 |b GAR |
| 100 | 1 | 0 | |a Gardner |
| 245 | 1 | 0 | |a Five minds for the future. |
| 260 | 0 | 0 | |a Boston: |b Harvard Business School Press, |c 2006. |
| 300 | # | # | |a 196 p. |
| 650 | 0 | 0 | |a Success |
| 650 | 0 | 0 | |a Thought and thinking |
| 650 | 0 | 0 | |a Social intelligence |
| 999 | |a B000021225 |b Book |c Book |e Business Information Centre | ||


